000 00312nam a22001337a 4500
008 170717b xxu||||| |||| 00| 0 eng d
020 _a9780195138863
041 _aeng
080 _a2
100 _a24
101 _aTEO
245 _aTHE OXFORD HISTORY8 OF CHRISTIAN WORDSHIP
_cWAINWRIGHT, G
942 _2udc
_cBK
999 _c21287
_d21287